El mensajero indio = The Indian Runner /
Kaydedildi:
| Yazar: | |
|---|---|
| Diğer Yazarlar: | , , |
| Materyal Türü: | |
| Dil: | İngilizce |
| Konular: | |
| Etiketler: |
Etiket eklenmemiş, İlk siz ekleyin!
|
MARC
| LEADER | 00000ngm^a2200000^a^4500 | ||
|---|---|---|---|
| 001 | 000315395 | ||
| 005 | 20250521000000.0 | ||
| 009 | 20260310113242.811 | ||
| 037 | |a Acervo ITESO - Biblioteca | ||
| 041 | |a ING | ||
| 082 | |a 810. |b PEN | ||
| 100 | |a Penn, Sean |e (realización) | ||
| 245 | 1 | 3 | |a El mensajero indio = |b The Indian Runner / |c Realización de S. Penn. |
| 264 | 2 | |a Santa Mónica, EUA : |b Metro-Goldwyn-Mayer [distribución], | |
| 300 | |a 1 DVD región 1 |c (126 min.) | ||
| 336 | |a imagen móvil bidimensional |b tdi |2 rdacontenido | ||
| 337 | |a video |b v |2 rdamedio | ||
| 338 | |a videodisco |b vd |2 rdasoporte | ||
| 546 | |a En inglés, con subtítulos opcionales: español, francés, inglés | ||
| 546 | |a Doblaje opcional: español, francés | ||
| 649 | |a XX | ||
| 650 | |a Dramas Cinematográficos | ||
| 650 | |a Cine Norteamericano - |y 1990-1999 | ||
| 650 | |a Cine Norteamericano - |y Siglo XX | ||
| 650 | |a Relaciones entre Hermanos | ||
| 650 | |a Relaciones Familiares | ||
| 650 | |a Amistad | ||
| 650 | |a Sentimientos | ||
| 650 | |a Actitudes | ||
| 650 | |a Conflicto (Relaciones Personales) | ||
| 650 | |a Conducta Antisocial | ||
| 700 | |a Morse, David |e (actuación) | ||
| 700 | |a Mortensen, Viggo |e (actuación) | ||
| 700 | |a Golino, Valeria |e (actuación) | ||
| 910 | |a Fondo General | ||
| 920 | |a Audiovisuales - DVDs | ||
| 940 | |a Películas | ||
| 905 | |a 302 | ||
| 901 | |a 0500208194 |b IT2 |c DVS |i C129181 |u 20250521 | ||
| 902 | |a https://opac.biblio.iteso.mx/vufind/Record/000315395 | ||